000 00405pab a2200157 454500
008 180718b2004 xxu||||| |||| 00| 0 eng d
100 _aCole, Stephen
245 _aMerton's contribution to the sociology of science
260 _c2004
300 _ap.829-44.
362 _aDec
650 _aMerton, Robert K.
650 _aSociology of science
773 _aSocial Studies of Science
909 _a63960
999 _c63960
_d63960